| 000 | 00682nam a2200253Ia 4500 | ||
|---|---|---|---|
| 008 | 220204s9999 xx 000 0 und d | ||
| 082 |
_aNR:62:678.02 _bWHI;2 |
||
| 100 | _aWhite, James L | ||
| 245 | 0 | _aRubber processing : Technology,materials,and principles | |
| 260 |
_aNew Delhi _bHanser _c1995 |
||
| 650 | _aCalendering | ||
| 650 | _aDie equipments | ||
| 650 | _aElastomer blends | ||
| 650 | _aExtrusion | ||
| 650 | _aFlow characteristics | ||
| 650 | _aInternal mixers | ||
| 650 | _aMolding | ||
| 650 | _aRheolosy | ||
| 650 | _aRubber fabrication | ||
| 650 | _aScrew pumps extrusion | ||
| 650 | _aSynthetic rubber | ||
| 650 | _aSynthetic rubber | ||
| 942 | _cREF | ||
| 999 |
_c40980 _d40980 |
||